000 00790nam a2200229 a 4500
001 000043883
005 20201002045026.0
008 140508s2010 sp 000 0 spa d
020 _a9788433973702
040 _aDO-SdBNP
_bspa
_cBNPHU
041 1 7 _aspa
_heng
082 _axxxx
_bxxxx
100 1 _aAdams, Douglas,
_d1952-2001.
_971772
240 1 0 _aLife, the universe and everything
_lEspañol
245 1 3 _aLa vida, el universo y todo lo demás /
_cDouglas Adams ; traducción de Benito Gómez Ibáñez.
260 _aBarcelona :
_bAnagrama,
_c2010.
300 _a187 p. ;
_c21 cm.
490 1 _aCompactos
_v514
500 _aIncluye datos biográficos del autor en la solapa de la contracubierta
700 1 2 _aGómez Ibáñez, Benito
_etr.
_970355
830 0 _aCompactos ;
_n514
_971773
999 _c43372
_d43372